Upgrading reconsidered (Record no. 60966)

MARC details
000 -LEADER
fixed length control field 00548nam a2200157 a 4500
008 - FIXED-LENGTH DATA ELEMENTS--GENERAL INFORMATION
fixed length control field 120416s1984 ||||||||||||||||| || u
020 ## - INTERNATIONAL STANDARD BOOK NUMBER
International Standard Book Number 9154092000
050 ## - LIBRARY OF CONGRESS CALL NUMBER
Classification number HD 7287 Sch
100 ## - MAIN ENTRY--PERSONAL NAME
Personal name Schlyter, Ann
245 10 - TITLE STATEMENT
Title Upgrading reconsidered
246 ## - VARYING FORM OF TITLE
Title proper/short title the George studies in retrospect
260 ## - PUBLICATION, DISTRIBUTION, ETC.
Place of publication, distribution, etc. GAVLE (Sweden)
Name of publisher, distributor, etc. The National Swedish Institute for Build
Date of publication, distribution, etc. 1984
300 ## - PHYSICAL DESCRIPTION
Extent 114p.
350 ## - PRICE (NR) (BK AM CF MU VM SE) [OBSOLETE]
Price 0.00
995 ## - RECOMMENDATION 995 [LOCAL, UNIMARC FRANCE]
-- 0.00
-- CBU-MAIN LIBRARY (Kitwe)
-- 1
-- 4.00
-- 1
-- AVAILABLE
-- Zambiana Collection
Holdings
Withdrawn status Lost status Source of classification or shelving scheme Damaged status Not for loan Home library Current library Shelving location Date acquired Total Checkouts Full call number Barcode Date last seen Price effective from Koha item type
          CBU-MAIN LIBRARY, KITWE. CBU-MAIN LIBRARY, KITWE.   11/30/2022   HD 7287 Sch 024146 11/30/2022 11/30/2022 MONOGRAPH